| 000 | 00925nam a2200229 a 4500 | ||
|---|---|---|---|
| 003 | BD-DhJNU | ||
| 005 | 20260422034742.0 | ||
| 008 | 260508s2004 bg |||g |||| 000 1|ben|d | ||
| 040 |
_aBD-DhJNU _bben _cBD-DhJNU _dBD-DhJNU |
||
| 041 | _aben | ||
| 082 |
_a792.028 DAA _223 |
||
| 100 | _aদাশগুপ্ত, অঞ্জন | ||
| 245 | 1 | 0 |
_aঅভিনয় শিল্প : _bমন ও সৃজন / _cঅঞ্জন দাশগুপ্ত |
| 246 | _aAbhinay shilpa: mon o srijon | ||
| 250 | _a3rd ed. | ||
| 260 |
_aকলকাতা : _bগোপা দাশগুপ্ত, _c2004. |
||
| 300 |
_a১৮৮ পৃ. : _bচিত্র ; _c২২ সেমি.। |
||
| 504 | _aগ্রন্থপঞ্জিগত নির্দেশিকা ও নিঘন্ট অন্তভূক্ত | ||
| 650 | _aঅভিনয় -- কৌশল | ||
| 650 | _aActing -- Technique | ||
| 942 | _cBK | ||
| 999 |
_c2700 _d2700 |
||